Between two worlds : (Record no. 9839)

MARC details
000 -LEADER
fixed length control field 01264cam a2200325 a 4500
001 - CONTROL NUMBER
control field 8169730
003 - CONTROL NUMBER IDENTIFIER
control field OCoLC
005 - DATE AND TIME OF LATEST TRANSACTION
control field 20210204162252.0
008 - FIXED-LENGTH DATA ELEMENTS--GENERAL INFORMATION
fixed length control field 820115s1982 miu b 000 0 eng
010 ## - LIBRARY OF CONGRESS CONTROL NUMBER
LC control number 81022224
020 ## - INTERNATIONAL STANDARD BOOK NUMBER
International Standard Book Number 0802835422
020 ## - INTERNATIONAL STANDARD BOOK NUMBER
International Standard Book Number 9780802835420
035 ## - SYSTEM CONTROL NUMBER
System control number (OCoLC)8169730
Canceled/invalid control number (OCoLC)692292300
040 ## - CATALOGING SOURCE
Original cataloging agency DLC
Language of cataloging eng
Transcribing agency DLC
Modifying agency BAKER
-- BTCTA
-- HNW
-- YDXCP
-- OCLCF
-- OCLCQ
-- CFT
-- CIRBC
050 00 - LIBRARY OF CONGRESS CALL NUMBER
Classification number BV4211.2
Item number .ST888B
082 00 - DEWEY DECIMAL CLASSIFICATION NUMBER
Classification number 251
Edition number 19
Item number ST888B
092 0# - LOCALLY ASSIGNED DEWEY CALL NUMBER (OCLC)
Classification number 251
Item number ST888B
100 1# - MAIN ENTRY--PERSONAL NAME
Personal name Stott, John R. W.
245 10 - TITLE STATEMENT
Title Between two worlds :
Remainder of title the art of preaching in the twentieth century /
Statement of responsibility, etc. John R.W. Stott.
250 ## - EDITION STATEMENT
Edition statement 1st American ed.
260 ## - PUBLICATION, DISTRIBUTION, ETC.
Place of publication, distribution, etc. Grand Rapids, Mich. :
Name of publisher, distributor, etc. W.B. Eerdmans,
Date of publication, distribution, etc. 1982.
300 ## - PHYSICAL DESCRIPTION
Extent 351 pages ;
Dimensions 22 cm
336 ## - CONTENT TYPE
Content type term text
Content type code txt
Source rdacontent
337 ## - MEDIA TYPE
Media type term unmediated
Media type code n
Source rdamedia
338 ## - CARRIER TYPE
Carrier type term volume
Carrier type code nc
Source rdacarrier
504 ## - BIBLIOGRAPHY, ETC. NOTE
Bibliography, etc. note Includes bibliographical references (pages 341-351).
505 00 - FORMATTED CONTENTS NOTE
Title The glory of preaching : a historical sketch --
-- Contemporary objections to preaching --
-- Theological foundations for preaching --
-- Preaching as bridge-building --
-- The call to study --
-- Preparing sermons --
-- Sincerity and earnestness --
-- Courage and humility.
650 #0 - SUBJECT ADDED ENTRY--TOPICAL TERM
Topical term or geographic name entry element Preaching.
942 ## - ADDED ENTRY ELEMENTS (KOHA)
Source of classification or shelving scheme Dewey Decimal Classification
Koha item type Books
Holdings
Withdrawn status Lost status Source of classification or shelving scheme Damaged status Not for loan Collection code Home library Current library Shelving location Date acquired Total Checkouts Full call number Barcode Date last seen Price effective from Koha item type
    Dewey Decimal Classification     Non-fiction Harvest Mission College Harvest Mission College General Stacks 09.02.2021   251 ST888B 011298 09.02.2021 09.02.2021 Books

OPAC Designed and Maintained by HMC Library Team.
Copyright © HMC Library,Greater Noida, UP.
For any Suggestions/Query Contact library via Email:libhmc@gmail.com